Lone wolf / (Record no. 2593)

MARC details
000 -LEADER
fixed length control field 01112nam a22002297a 4500
005 - DATE AND TIME OF LATEST TRANSACTION
control field 20240103160515.0
020 ## - INTERNATIONAL STANDARD BOOK NUMBER
International Standard Book Number 9781444914115
040 ## - CATALOGING SOURCE
Original cataloging agency FISKH
Language of cataloging eng
Transcribing agency FISKH
Modifying agency FISKH
050 ## - LIBRARY OF CONGRESS CALL NUMBER
Classification number PZ7.M894
082 ## - DEWEY DECIMAL CLASSIFICATION NUMBER
Classification number PZ7.M894
100 ## - MAIN ENTRY--PERSONAL NAME
Personal name Muchamore, Robert
245 ## - TITLE STATEMENT
Title Lone wolf /
Statement of responsibility, etc. Robert Muchamore
250 ## - EDITION STATEMENT
Edition statement This edition published in 2016 by Hodder and Stoughton
260 ## - PUBLICATION, DISTRIBUTION, ETC.
Place of publication, distribution, etc. London :
Name of publisher, distributor, etc. Hodder Children's Books,
Date of publication, distribution, etc. 2014
300 ## - PHYSICAL DESCRIPTION
Extent 327 pages :
Dimensions 20cm
505 ## - FORMATTED CONTENTS NOTE
Formatted contents note Z
520 ## - SUMMARY, ETC.
Summary, etc. Fay has spent eighteen months locked up in a Secure Training Centre. Drug deals and rip-offs are the only things this teenager knows. Now she's back on the street, looking to settle old scores. CHERUB agents Ryan and Ning need Fay's knowledge to unearth a major drug importer. They're trained professionals with one essential advantage: even experienced criminals never suspect that children are spying on them. But Fay's made a lot of enemies and she's running out of time ... For official purposes, these children do not exist.
521 ## - TARGET AUDIENCE NOTE
Target audience note 950
Source Lexile
521 ## - TARGET AUDIENCE NOTE
Target audience note Z
Source Raz-Plus
942 ## - ADDED ENTRY ELEMENTS (KOHA)
Source of classification or shelving scheme Dewey Decimal Classification
Koha item type Books
Suppress in OPAC No
999 ## -
-- 2593
-- 2593
Holdings
Withdrawn status Lost status Source of classification or shelving scheme Damaged status Not for loan Collection Home library Current library Shelving location Date acquired Total Checkouts Full call number Barcode Date last seen Date last checked out Price effective from Koha item type
    Dewey Decimal Classification     Fiction Footprints International School Library Network Toul Kork Campus Footprints International School Library Network Toul Tom Poung Campus TTP Secondary Fiction Bookshelves 01/03/2024 1 MUC 823.92 PZ7.M894 FISSE02591 02/27/2026 02/02/2026 01/03/2024 Books